Pituitrin hyperglycemia and its possible value in diagnosis / (Record no. 97333)

MARC details
000 -LEADER
campo de control de longitud fija 00617nam a2200193 i 4500
001 - NÚMERO DE CONTROL
campo de control 97333
003 - IDENTIFICADOR DE NÚMERO DE CONTROL
campo de control ES-MaACL
005 - FECHA Y HORA DE LA ÚLTIMA TRANSACCIÓN
campo de control 20231228062657.0
007 - CAMPO FIJO DE DESCRIPCIÓN FÍSICA--INFORMACIÓN GENERAL
campo de control de longitud fija t|
008 - DATOS DE LONGITUD FIJA--INFORMACIÓN GENERAL
campo de control de longitud fija 050711s1929 xxu ||||1| eng d
100 1# - ENTRADA PRINCIPAL--NOMBRE DE PERSONA
Nombre de persona Marañón, Gregorio,
Fechas asociadas al nombre 1887-1960
9 (RLIN) 76311
245 10 - MENCIÓN DEL TÍTULO
Título Pituitrin hyperglycemia and its possible value in diagnosis /
Mención de responsabilidad, etc. G. Marañón and J. Morros.
260 ## - PUBLICACIÓN, DISTRIBUCIÓN, ETC.
Lugar de publicación, distribución, etc. Los Angeles :
Nombre del editor, distribuidor, etc. [s.n.],
Fecha de publicación, distribución, etc. 1929.
300 ## - DESCRIPCIÓN FÍSICA
Extensión 9 h. ;
Dimensiones 26 cm.
500 ## - NOTA GENERAL
Nota general Es tirada aparte de "Endocrinology". v. 13, nº 6, 1929, p. 564-572.
700 1# - ENTRADA AGREGADA--NOMBRE PERSONAL
Nombre de persona Morros, J.
9 (RLIN) 83695
852 ## - LOCALIZACIÓN
Ubicación ES-MaACL
Número de control de estantería 1732-F-14
Holdings
Estatus retirado Estado de pérdida Estado de daño No para préstamo Colección Biblioteca de origen Biblioteca actual Ubicación en estantería Fecha de adquisición Fuente de adquisición Total de préstamos Signatura topográfica completa Código de barras Visto por última vez Precio de reemplazo Tipo de ítem Koha
        Colección de folletos Biblioteca del Ateneo de Madrid Biblioteca del Ateneo de Madrid Depósito folletos 17/01/2008     1732-F-14 1101610 23/02/2023 23/02/2023 Folleto